[Event "CAN-op"]
[Site "Ottawa CAN"]
[Date "2013.07.17"]
[Round "6.2"]
[White "Hansen, Eric"]
[Black "Moradiabadi, Elshan"]
[Result "1-0"]
[WhiteElo "2587"]
[BlackElo "2557"]
[PlyCount "85"]
[GameId "2160767909313695"]
[EventDate "2013.07.13"]
[EventType "swiss"]
[EventRounds "9"]
[EventCountry "CAN"]

1. e4 e5 2. Nf3 Nc6 3. Bb5 Nf6 4. d3 Bc5 5. c3 O-O 6. O-O d6 7. h3 a6 8. Bxc6 bxc6 9. Re1 Re8 10. Nbd2 d5 11. Nb3 Bf8 12. exd5 Qxd5 13. c4 Qd6 14. Be3 Nd7 15. d4 e4 16. Nfd2 a5 17. a4 f5 18. c5 Qe6 19. Bf4 Nf6 20. Be5 Nd5 21. Nc4 Qg6 22. Qd2 Be7 23. Ra3 Bg5 24. Qe2 Bf4 25. Nbxa5 Bxe5 26. dxe5 Nf4 27. Qf1 Ba6 28. Rg3 Qe6 29. b3 Rad8 30. f3 Nd3 31. fxe4 Nxe1 32. Qxe1 fxe4 33. Qxe4 Qd5 34. Qf5 Qxc5+ 35. Kh2 Bxc4 36. Nb7 Be6 37. Rxg7+ Kxg7 38. Qf6+ Kg8 39. Nxc5 Bd5 40. e6 Rb8 41. Qg5+ Kh8 42. Qe5+ Kg8 43. Qxc7 1-0

[Event "CAN-op"]
[Site "Ottawa CAN"]
[Date "2013.07.18"]
[Round "7"]
[White "Sokolov, Ivan"]
[Black "Hansen, Eric"]
[Result "1/2-1/2"]
[WhiteElo "2650"]
[BlackElo "2581"]
[PlyCount "69"]
[GameId "2160767909313710"]
[EventDate "2013.07.13"]
[EventType "swiss"]
[EventRounds "9"]
[EventCountry "CAN"]
[SourceTitle "CBM 155 Extra"]
[Source "ChessBase"]
[SourceDate "2013.08.26"]
[SourceVersion "1"]
[SourceVersionDate "2013.08.26"]
[SourceQuality "1"]

1. d4 Nf6 2. c4 e6 3. Nc3 d5 4. Bg5 Be7 5. e3 h6 6. Bh4 O-O 7. Rc1 c6 8. Bd3 dxc4 9. Bxc4 Nbd7 10. Nf3 Nd5 11. Bg3 Nxc3 12. bxc3 c5 13. O-O Nf6 14. Ne5 Bd7 15. Rb1 Bc6 16. Nxc6 bxc6 17. Qf3 Nd5 18. e4 Nb6 19. Ba6 Bd6 20. e5 Be7 21. Bb7 Rb8 22. Bxc6 cxd4 23. Rbd1 d3 24. Rxd3 Qc7 25. Rfd1 Rbc8 26. Bb5 Qc5 27. a4 Nd5 28. c4 Nb4 29. Rd4 Nc6 30. Bxc6 Qxc6 31. Rd7 Bc5 32. Qxc6 Rxc6 33. Rb7 Bb6 34. a5 Bxa5 35. Rxa7 1/2-1/2

[Event "CAN-op"]
[Site "Ottawa CAN"]
[Date "2013.07.20"]
[Round "9"]
[White "Hambleton, Aman"]
[Black "Hansen, Eric"]
[Result "1/2-1/2"]
[WhiteElo "2480"]
[BlackElo "2581"]
[PlyCount "46"]
[GameId "2160767909313735"]
[EventDate "2013.07.13"]
[EventType "swiss"]
[EventRounds "9"]
[EventCountry "CAN"]
[SourceTitle "CBM 155 Extra"]
[Source "ChessBase"]
[SourceDate "2013.08.26"]
[SourceVersion "1"]
[SourceVersionDate "2013.08.26"]
[SourceQuality "1"]

1. d4 Nf6 2. c4 g6 3. Nc3 d5 4. cxd5 Nxd5 5. Bd2 Bg7 6. e4 Nxc3 7. Bxc3 O-O 8. Qd2 c5 9. d5 e6 10. Bc4 exd5 11. Bxd5 Nd7 12. Nf3 Nf6 13. O-O Nxd5 14. exd5 Qd6 15. Bxg7 Kxg7 16. Qc3+ Kg8 17. Ne5 Re8 18. Rfe1 Qxd5 19. Rad1 Qxa2 20. Ra1 Qd5 21. Rad1 Qa2 22. Ra1 Qd5 23. Rad1 Qa2 1/2-1/2

[Event "Edmonton-A"]
[Site "Edmonton CAN"]
[Date "2013.06.23"]
[Round "1"]
[White "Mikhalevski, Victor"]
[Black "Hansen, Eric"]
[Result "1/2-1/2"]
[WhiteElo "2551"]
[BlackElo "2577"]
[PlyCount "68"]
[GameId "2160767909339240"]
[EventDate "2013.06.22"]
[EventType "tourn"]
[EventRounds "9"]
[EventCountry "CAN"]
[EventCategory "8"]
[SourceTitle "CBM 155 Extra"]
[Source "ChessBase"]
[SourceDate "2013.08.26"]
[SourceVersion "1"]
[SourceVersionDate "2013.08.26"]
[SourceQuality "1"]

1. d4 Nf6 2. c4 g6 3. g3 Bg7 4. Bg2 d5 5. cxd5 Nxd5 6. e4 Nb6 7. Ne2 c5 8. d5 O-O 9. O-O e6 10. Nec3 Na6 11. a4 exd5 12. exd5 Nc4 13. Na3 Nxa3 14. Rxa3 Bf5 15. d6 Qd7 16. Nb5 Nb4 17. Re3 Nc6 18. Rfe1 Rad8 19. Qd5 a6 20. Re7 Nxe7 21. dxe7 axb5 22. axb5 b6 23. b3 Be6 24. Qg5 h6 25. Qh4 g5 26. exf8=R+ Rxf8 27. Qa4 Qd3 28. Be3 Bxb3 29. Qa6 Qd6 30. Bc6 Bc3 31. Rb1 Qd3 32. Rxb3 Qd1+ 33. Kg2 Qxb3 34. Qxb6 Bd4 1/2-1/2

[Event "Edmonton-A"]
[Site "Edmonton CAN"]
[Date "2013.06.29"]
[Round "7"]
[White "Perez Garcia, Rodney Oscar"]
[Black "Hansen, Eric"]
[Result "0-1"]
[WhiteElo "2364"]
[BlackElo "2577"]
[PlyCount "52"]
[GameId "2160767909339270"]
[EventDate "2013.06.22"]
[EventType "tourn"]
[EventRounds "9"]
[EventCountry "CAN"]
[EventCategory "8"]
[SourceTitle "CBM 155 Extra"]
[Source "ChessBase"]
[SourceDate "2013.08.26"]
[SourceVersion "1"]
[SourceVersionDate "2013.08.26"]
[SourceQuality "1"]

1. Nf3 d5 2. c4 d4 3. b4 g6 4. Bb2 Bg7 5. g3 a5 6. b5 Nh6 7. Bg2 O-O 8. d3 c5 9. bxc6 Nxc6 10. Na3 b6 11. O-O Rb8 12. Nb5 Nf5 13. Rb1 Qd7 14. a4 Bb7 15. Ba3 h5 16. Nd2 Ne5 17. Ne4 h4 18. c5 Bc6 19. cxb6 Rxb6 20. Qd2 Ra8 21. Bc5 Rbb8 22. Rb2 Bh6 23. Qc2 hxg3 24. hxg3 Ne3 25. fxe3 Bxe3+ 26. Nf2 Qg4 0-1

[Event "Calgary int."]
[Site "Calgary CAN"]
[Date "2013.05.14"]
[Round "1"]
[White "Gardner, Robert"]
[Black "Hansen, Eric"]
[Result "0-1"]
[WhiteElo "2217"]
[BlackElo "2577"]
[PlyCount "86"]
[GameId "2160767909356099"]
[EventDate "2013.05.14"]
[EventType "swiss"]
[EventRounds "9"]
[EventCountry "CAN"]
[SourceTitle "The Week in Chess 967"]
[Source "Mark Crowther"]
[SourceDate "2013.05.20"]
[SourceVersion "1"]
[SourceVersionDate "2013.05.20"]
[SourceQuality "2"]

1. d4 Nf6 2. c4 g6 3. Nc3 d5 4. Nf3 Bg7 5. Qb3 dxc4 6. Qxc4 O-O 7. e4 Bg4 8. Be2 Nfd7 9. Be3 Nb6 10. Qd3 Nc6 11. Rd1 Qc8 12. d5 Bxf3 13. gxf3 Ne5 14. Qc2 Qh3 15. f4 Nec4 16. Bxb6 Nxb6 17. Qd3 Qxd3 18. Rxd3 e6 19. dxe6 fxe6 20. Bg4 Rae8 21. Nb5 Re7 22. Ke2 Rxf4 23. f3 a6 24. Nd4 Kf7 25. Rc1 Be5 26. Ke3 h5 27. Ne2 Rf6 28. Bh3 Bxh2 29. Rb3 Bd6 30. f4 e5 31. f5 g5 32. Ng3 h4 33. Nh1 Nd7 34. Rxb7 Bc5+ 35. Kf3 Bb6 36. b4 Rd6 37. Bf1 Nf6 38. Nf2 Bxf2 39. Kxf2 Nxe4+ 40. Ke3 Ng3 41. Bc4+ Kf6 42. Ra7 g4 43. Bxa6 h3 0-1

[Event "Calgary int."]
[Site "Calgary CAN"]
[Date "2013.05.15"]
[Round "3"]
[White "Hansen, Eric"]
[Black "So, Wesley"]
[Result "1/2-1/2"]
[WhiteElo "2577"]
[BlackElo "2701"]
[PlyCount "60"]
[GameId "2160767909356119"]
[EventDate "2013.05.14"]
[EventType "swiss"]
[EventRounds "9"]
[EventCountry "CAN"]
[SourceTitle "CBM 154 Extra"]
[Source "ChessBase"]
[SourceDate "2013.06.25"]
[SourceVersion "2"]
[SourceVersionDate "2013.06.25"]
[SourceQuality "1"]

1. e4 c5 2. Nf3 e6 3. g3 d5 4. exd5 exd5 5. d4 Nf6 6. Bg2 Be7 7. O-O O-O 8. Nc3 Nc6 9. dxc5 Bxc5 10. Bg5 d4 11. Ne4 Be7 12. Nxf6+ Bxf6 13. Bxf6 Qxf6 14. Ne1 Bf5 15. Nd3 Ne5 16. Nxe5 Qxe5 17. Re1 Qc5 18. Be4 Bxe4 19. Rxe4 Rac8 20. Rxd4 Qxc2 21. Qxc2 Rxc2 22. Rb4 b6 23. a4 g6 24. a5 bxa5 25. Rxa5 Rc1+ 26. Kg2 Rc7 27. Rba4 Rb8 28. Rxa7 Rxa7 29. Rxa7 Rxb2 30. Ra8+ Kg7 1/2-1/2

[Event "Calgary int."]
[Site "Calgary CAN"]
[Date "2013.05.16"]
[Round "4"]
[White "Mikhalevski, Victor"]
[Black "Hansen, Eric"]
[Result "1/2-1/2"]
[WhiteElo "2551"]
[BlackElo "2577"]
[PlyCount "60"]
[GameId "2160767909356133"]
[EventDate "2013.05.14"]
[EventType "swiss"]
[EventRounds "9"]
[EventCountry "CAN"]
[SourceTitle "The Week in Chess 967"]
[Source "Mark Crowther"]
[SourceDate "2013.05.20"]
[SourceVersion "1"]
[SourceVersionDate "2013.05.20"]
[SourceQuality "2"]

1. Nf3 g6 2. d4 Nf6 3. c4 Bg7 4. g3 O-O 5. Bg2 d5 6. cxd5 Nxd5 7. O-O Nc6 8. Nc3 Nb6 9. d5 Na5 10. e4 c6 11. Bg5 h6 12. Bf4 cxd5 13. Nxd5 Nac4 14. b3 Nxd5 15. exd5 Nb6 16. d6 exd6 17. Bxd6 Re8 18. Rc1 Bf5 19. Bc5 Be4 20. Qxd8 Raxd8 21. Rfe1 Nd5 22. Bxa7 Nc3 23. Bd4 Nxa2 24. Rcd1 Nc3 25. Rd2 Bc6 26. Rxe8+ Rxe8 27. Bxg7 Kxg7 28. h4 Ne2+ 29. Kh2 Nc3 30. Nd4 Bxg2 1/2-1/2

[Event "Calgary int."]
[Site "Calgary CAN"]
[Date "2013.05.20"]
[Round "9"]
[White "Hansen, Eric"]
[Black "Yam, Alex"]
[Result "1-0"]
[Annotator ",VLAD"]
[WhiteElo "2577"]
[BlackElo "2283"]
[PlyCount "63"]
[GameId "2160767738168118"]
[EventDate "2013.05.14"]
[EventType "swiss"]
[EventRounds "9"]
[EventCountry "CAN"]
[TimeControl "5400"]

1. e4 Nf6 2. e5 Nd5 3. d4 d6 4. Nf3 dxe5 5. Nxe5 g6 6. Bc4 c6 7. O-O Bg7 8. Re1 O-O 9. c3 Be6 10. Nd2 Nd7 11. Nef3 Nc7 12. Bf1 c5 13. Nb3 cxd4 14. Nfxd4 Bd5 15. Bg5 f6 16. Be3 a6 17. c4 Bf7 18. Na5 Qc8 19. b4 Rd8 20. Qf3 e5 21. Ndb3 b6 22. Nc6 Re8 23. Rad1 Re6 24. b5 Be8 25. a4 Kh8 26. a5 axb5 27. cxb5 bxa5 28. Nbxa5 e4 29. Qh3 f5 30. Bc4 Re5 31. Bd4 Rxb5 32. Qc3 1-0

[Event "Alberta-ch"]
[Site "Calgary CAN"]
[Date "2013.03.30"]
[Round "2"]
[White "Hansen, Eric"]
[Black "Rekhson, Vladislav"]
[Result "1-0"]
[WhiteElo "2588"]
[BlackElo "2136"]
[PlyCount "55"]
[GameId "2160767909372936"]
[EventDate "2013.03.29"]
[EventType "tourn"]
[EventRounds "5"]
[EventCountry "CAN"]
[EventCategory "7"]
[SourceTitle "EXT 2014"]
[Source "ChessBase"]
[SourceDate "2013.11.20"]
[SourceVersion "1"]
[SourceVersionDate "2013.11.20"]
[SourceQuality "1"]

1. e4 e5 2. Nf3 Nf6 3. Nxe5 Nxe4 4. d4 d5 5. Bd3 Bd6 6. O-O O-O 7. c4 c6 8. Nc3 Nxc3 9. bxc3 Be6 10. f4 Nd7 11. c5 Nxe5 12. fxe5 Be7 13. Qc2 g6 14. Bh6 Re8 15. Rf4 b6 16. cxb6 axb6 17. Raf1 Bg5 18. Bxg5 Qxg5 19. h4 Qe7 20. Rf6 c5 21. Qd2 cxd4 22. cxd4 Ra4 23. Bb5 Rea8 24. Bxa4 Rxa4 25. Qf2 b5 26. h5 Ra8 27. Qh4 Kh8 28. hxg6 1-0

[Event "Alberta-ch"]
[Site "Calgary CAN"]
[Date "2013.03.30"]
[Round "3"]
[White "Porper, Edward"]
[Black "Hansen, Eric"]
[Result "0-1"]
[WhiteElo "2494"]
[BlackElo "2588"]
[PlyCount "82"]
[GameId "2160767909372939"]
[EventDate "2013.03.29"]
[EventType "tourn"]
[EventRounds "5"]
[EventCountry "CAN"]
[EventCategory "7"]
[SourceTitle "EXT 2014"]
[Source "ChessBase"]
[SourceDate "2013.11.20"]
[SourceVersion "1"]
[SourceVersionDate "2013.11.20"]
[SourceQuality "1"]

1. d4 Nf6 2. Bg5 d5 3. Bxf6 exf6 4. e3 Bd6 5. c4 dxc4 6. Bxc4 O-O 7. Nf3 f5 8. O-O Nd7 9. Nc3 Nf6 10. Nb5 Be7 11. Ne5 c6 12. Nc3 Bd6 13. f4 Qe7 14. Qb3 g6 15. a4 a5 16. Rae1 Kg7 17. Re2 Ne4 18. Nd3 Rb8 19. Nf2 Re8 20. Bd3 Be6 21. Qc2 Nxf2 22. Rfxf2 Qf6 23. b3 Bb4 24. Na2 Bd6 25. Nc3 Bd7 26. Nd1 b5 27. Nc3 Bb4 28. Na2 bxa4 29. bxa4 Bd6 30. Bc4 c5 31. d5 Re4 32. Qd3 Bxa4 33. Nc3 Rb4 34. Ba2 Re7 35. g4 fxg4 36. e4 Bxf4 37. d6 Qxd6 38. Qxd6 Bxd6 39. Nd5 Ra7 40. e5 Bf8 41. Nxb4 cxb4 0-1

[Event "Alberta-ch"]
[Site "Calgary CAN"]
[Date "2013.03.31"]
[Round "4"]
[White "Hansen, Eric"]
[Black "Pechenkin, Vladimir"]
[Result "1-0"]
[WhiteElo "2588"]
[BlackElo "2428"]
[PlyCount "41"]
[GameId "2160767909372942"]
[EventDate "2013.03.29"]
[EventType "tourn"]
[EventRounds "5"]
[EventCountry "CAN"]
[EventCategory "7"]
[SourceTitle "EXT 2014"]
[Source "ChessBase"]
[SourceDate "2013.11.20"]
[SourceVersion "1"]
[SourceVersionDate "2013.11.20"]
[SourceQuality "1"]

1. e4 Nf6 2. e5 Nd5 3. d4 d6 4. Nf3 dxe5 5. Nxe5 c6 6. Be2 Bf5 7. O-O Nd7 8. Nf3 h6 9. c4 Nb4 10. Nc3 Nc2 11. Rb1 Nb4 12. Be3 Bxb1 13. Qxb1 e6 14. a3 Na6 15. d5 exd5 16. cxd5 cxd5 17. Bd4 Nc7 18. Re1 Ne6 19. Bb5 a6 20. Rxe6+ fxe6 21. Ne5 1-0

[Event "Calgary int."]
[Site "Calgary CAN"]
[Date "2011.05.19"]
[Round "1"]
[White "Hansen, Eric"]
[Black "Porper, Edward"]
[Result "1/2-1/2"]
[WhiteElo "2425"]
[BlackElo "2446"]
[PlyCount "112"]
[GameId "2160767909704379"]
[EventDate "2011.05.19"]
[EventType "tourn"]
[EventRounds "9"]
[EventCountry "CAN"]
[EventCategory "4"]
[SourceTitle "CBM 142 Extra"]
[Source "ChessBase"]
[SourceDate "2011.06.27"]
[SourceVersion "1"]
[SourceVersionDate "2011.06.27"]
[SourceQuality "1"]

1. d4 d5 2. c4 c6 3. Nf3 Nf6 4. e3 Bf5 5. Nc3 e6 6. Nh4 Be4 7. f3 Bg6 8. Nxg6 hxg6 9. g3 Nbd7 10. Kf2 Qc7 11. Kg2 Be7 12. Bd2 a6 13. Rc1 dxc4 14. Bxc4 O-O 15. Bb3 Rad8 16. Qe2 e5 17. Rhd1 Qb8 18. dxe5 Nxe5 19. Be1 b5 20. e4 b4 21. Nb1 Qb5 22. Qxb5 axb5 23. Rxd8 Rxd8 24. Bf2 g5 25. Bb6 Rd3 26. Bd1 g4 27. f4 Nc4 28. Be2 Rd7 29. Bg1 Nxe4 30. Bxg4 Rd8 31. Re1 Ncd6 32. Nd2 Nf6 33. Bf3 Kf8 34. Nb3 Ra8 35. Ra1 Nfe4 36. Nd4 Ra6 37. Re1 Rxa2 38. Bxe4 Rxb2+ 39. Kf3 c5 40. Nc6 Nxe4 41. Kxe4 c4 42. Ra1 f6 43. Ra8+ Kf7 44. Ra7 Re2+ 45. Kf3 b3 46. Bd4 b2 47. Bxb2 Rxb2 48. Rxe7+ Kf8 49. Rb7 c3 50. Ke3 Rb1 51. Kd3 Rd1+ 52. Kc2 Rh1 53. Kxc3 Rc1+ 54. Kd4 Rxc6 55. Kd5 Rc2 56. Rxb5 Rxh2 1/2-1/2

[Event "Calgary int."]
[Site "Calgary CAN"]
[Date "2011.05.20"]
[Round "3"]
[White "Haessel, Dale"]
[Black "Hansen, Eric"]
[Result "0-1"]
[WhiteElo "2184"]
[BlackElo "2425"]
[PlyCount "64"]
[GameId "2160767909704388"]
[EventDate "2011.05.19"]
[EventType "tourn"]
[EventRounds "9"]
[EventCountry "CAN"]
[EventCategory "4"]
[SourceTitle "CBM 142 Extra"]
[Source "ChessBase"]
[SourceDate "2011.06.27"]
[SourceVersion "1"]
[SourceVersionDate "2011.06.27"]
[SourceQuality "1"]

1. Nf3 Nf6 2. c4 c5 3. Nc3 e6 4. g3 b6 5. Bg2 Bb7 6. O-O Be7 7. Re1 Ne4 8. Nxe4 Bxe4 9. d3 Bb7 10. e4 d6 11. d4 cxd4 12. Nxd4 O-O 13. b3 a6 14. Bb2 Re8 15. Qd2 Qc7 16. Rac1 Nd7 17. Red1 Rac8 18. f4 Bf8 19. Ba3 Nc5 20. Qc2 e5 21. Ne2 exf4 22. Nxf4 Bxe4 23. Bxe4 Nxe4 24. Rd4 f5 25. Nd5 Qa7 26. Kg2 b5 27. Qd3 bxc4 28. Rcxc4 Qb7 29. g4 Rxc4 30. bxc4 Qf7 31. Ne3 fxg4 32. Nxg4 Qg6 0-1

[Event "Calgary int."]
[Site "Calgary CAN"]
[Date "2011.05.21"]
[Round "4"]
[White "Hansen, Eric"]
[Black "Stopa, Jacek"]
[Result "1/2-1/2"]
[WhiteElo "2425"]
[BlackElo "2460"]
[PlyCount "149"]
[GameId "2160767909704393"]
[EventDate "2011.05.19"]
[EventType "tourn"]
[EventRounds "9"]
[EventCountry "CAN"]
[EventCategory "4"]
[SourceTitle "CBM 142 Extra"]
[Source "ChessBase"]
[SourceDate "2011.06.27"]
[SourceVersion "1"]
[SourceVersionDate "2011.06.27"]
[SourceQuality "1"]

1. d4 d5 2. c4 c6 3. Nf3 Nf6 4. e3 a6 5. Nbd2 Bg4 6. h3 Bh5 7. Qb3 Ra7 8. Ne5 Nbd7 9. g4 Bg6 10. Nxg6 hxg6 11. Bg2 e6 12. Qc2 Bd6 13. b3 Qe7 14. Bb2 O-O 15. O-O Ba3 16. Bxa3 Qxa3 17. c5 Qa5 18. f4 b6 19. a3 bxc5 20. dxc5 Qc7 21. b4 a5 22. Nb3 axb4 23. axb4 Rxa1 24. Rxa1 Rb8 25. Qc3 e5 26. fxe5 Nxe5 27. Nd4 Ne4 28. Bxe4 dxe4 29. Kg2 Nf3 30. Rh1 Qe5 31. Ne2 Qxc3 32. Nxc3 Rxb4 33. Rc1 Ne5 34. Ne2 Nd3 35. Rc3 Rb2 36. Kf1 Rb1+ 37. Kg2 Rb2 38. Kf1 Ne5 39. Ng3 Rb1+ 40. Kg2 Rb2+ 41. Kf1 Rb4 42. Rc2 f6 43. Ne2 Nf3 44. Kf2 Kf7 45. Ra2 Rc4 46. Ra7+ Kg8 47. Nf4 Rxc5 48. Rxg7+ Kxg7 49. Ne6+ Kf7 50. Nxc5 f5 51. gxf5 gxf5 52. Kg3 Ne1 53. Na4 Nd3 54. h4 Kf6 55. Nc3 c5 56. Nd5+ Ke6 57. Nc7+ Kf7 58. Nb5 Kf6 59. Na3 Ne5 60. h5 c4 61. h6 c3 62. h7 Ng6 63. Kf2 Kg7 64. Ke2 Ne7 65. Nb5 c2 66. Kd2 Nd5 67. Kxc2 Nxe3+ 68. Kd2 Nf1+ 69. Ke2 Ng3+ 70. Kf2 f4 71. Nc3 e3+ 72. Kf3 Nh5 73. Ne2 Kxh7 74. Nxf4 Nxf4 75. Kxe3 1/2-1/2

[Event "Calgary int."]
[Site "Calgary CAN"]
[Date "2011.05.21"]
[Round "5"]
[White "Langer, Mikhail"]
[Black "Hansen, Eric"]
[Result "0-1"]
[WhiteElo "2267"]
[BlackElo "2425"]
[PlyCount "158"]
[GameId "2160767909704400"]
[EventDate "2011.05.19"]
[EventType "tourn"]
[EventRounds "9"]
[EventCountry "CAN"]
[EventCategory "4"]
[SourceTitle "CBM 142 Extra"]
[Source "ChessBase"]
[SourceDate "2011.06.27"]
[SourceVersion "1"]
[SourceVersionDate "2011.06.27"]
[SourceQuality "1"]

1. e4 c5 2. Nf3 e6 3. d3 Nc6 4. g3 d5 5. Qe2 Nge7 6. Bg2 g6 7. O-O Bg7 8. c3 h6 9. Re1 b6 10. a4 a5 11. Na3 d4 12. e5 O-O 13. cxd4 cxd4 14. Nb5 Bb7 15. b3 Qd7 16. Ba3 Rfd8 17. Bd6 Rac8 18. Nfxd4 Nxd4 19. Nxd4 Bxg2 20. Kxg2 Qb7+ 21. Qf3 Qxf3+ 22. Kxf3 Nd5 23. Rac1 Bf8 24. Nb5 Nb4 25. d4 Nd3 26. Rcd1 Nxe1+ 27. Rxe1 Rc2 28. Re3 Rdc8 29. Na3 Rd2 30. Nc4 Rxd4 31. Nxb6 Rc2 32. Nc4 Bxd6 33. exd6 Rd5 34. g4 Kf8 35. Kg3 Ke8 36. f4 Rc1 37. h3 Rcd1 38. Kf2 R1d4 39. Kf3 Rd3 40. Ke2 Rxe3+ 41. Kxe3 g5 42. Ke4 gxf4 43. Kxf4 f6 44. Ke4 Kf7 45. Ke3 h5 46. Ke4 Rc5 47. Kf4 hxg4 48. hxg4 Ke8 49. Ke4 Kd7 50. Ke3 Kc6 51. Ke4 Rd5 52. Ke3 Rc5 53. Kf4 Kd7 54. Ke4 Ke8 55. Kf4 Kf7 56. Ke3 Rd5 57. Ke4 Kg6 58. Kf4 Kh6 59. Ke3 Kg5 60. Ke4 Kh4 61. Kf4 Kh3 62. Kf3 Rd4 63. Ke3 e5 64. Nxa5 Rxd6 65. Nc4 Rd1 66. Ke2 Rb1 67. Nd2 Rb2 68. Kd3 Kxg4 69. a5 f5 70. Kc3 Ra2 71. b4 e4 72. Nc4 f4 73. Kb3 Ra1 74. Kb2 f3 75. Ne3+ Kf4 76. Nd5+ Kg3 77. Kxa1 f2 78. Ne3 Kf4 79. Nf1 e3 0-1

[Event "Calgary int."]
[Site "Calgary CAN"]
[Date "2011.05.22"]
[Round "6"]
[White "Hansen, Eric"]
[Black "Kazmaier, Daniel"]
[Result "1-0"]
[WhiteElo "2425"]
[BlackElo "2137"]
[PlyCount "74"]
[GameId "2160767909704404"]
[EventDate "2011.05.19"]
[EventType "tourn"]
[EventRounds "9"]
[EventCountry "CAN"]
[EventCategory "4"]
[SourceTitle "CBM 142 Extra"]
[Source "ChessBase"]
[SourceDate "2011.06.27"]
[SourceVersion "1"]
[SourceVersionDate "2011.06.27"]
[SourceQuality "1"]

1. e4 e6 2. d4 d5 3. Nc3 Nf6 4. e5 Nfd7 5. f4 c5 6. Nf3 Nc6 7. Be3 a6 8. Qd2 b5 9. Be2 Bb7 10. O-O Qb6 11. Nd1 cxd4 12. Nxd4 Nxd4 13. Bxd4 Qxd4+ 14. Qxd4 Bc5 15. c3 Bxd4+ 16. cxd4 b4 17. Ne3 a5 18. Rac1 Ke7 19. Rc7 Ba6 20. Bxa6 Rxa6 21. Rfc1 Rha8 22. Kf2 R6a7 23. Rc8 Rxc8 24. Rxc8 Nb6 25. Rg8 Na4 26. Rxg7 Nxb2 27. f5 Nd3+ 28. Ke2 Nc1+ 29. Kd2 Nxa2 30. f6+ Kd8 31. Nxd5 b3 32. Nf4 Rd7 33. d5 exd5 34. e6 b2 35. Rg8+ Kc7 36. exd7 b1=Q 37. d8=Q+ Kc6 1-0

[Event "Calgary int."]
[Site "Calgary CAN"]
[Date "2011.05.22"]
[Round "7"]
[White "Sevillano, Enrico"]
[Black "Hansen, Eric"]
[Result "1/2-1/2"]
[WhiteElo "2510"]
[BlackElo "2425"]
[PlyCount "24"]
[GameId "2160767909704411"]
[EventDate "2011.05.19"]
[EventType "tourn"]
[EventRounds "9"]
[EventCountry "CAN"]
[EventCategory "4"]
[SourceTitle "CBM 142 Extra"]
[Source "ChessBase"]
[SourceDate "2011.06.27"]
[SourceVersion "1"]
[SourceVersionDate "2011.06.27"]
[SourceQuality "1"]

1. e4 c5 2. c3 d5 3. exd5 Qxd5 4. d4 Nf6 5. Nf3 e6 6. Bd3 Nc6 7. O-O cxd4 8. cxd4 Be7 9. Nc3 Qd6 10. Qe2 O-O 11. Rd1 Nb4 12. Bb1 b6 1/2-1/2

[Event "Calgary int."]
[Site "Calgary CAN"]
[Date "2011.05.23"]
[Round "9"]
[White "Kraai, Jesse"]
[Black "Hansen, Eric"]
[Result "1-0"]
[WhiteElo "2516"]
[BlackElo "2425"]
[PlyCount "97"]
[GameId "2160767909704419"]
[EventDate "2011.05.19"]
[EventType "tourn"]
[EventRounds "9"]
[EventCountry "CAN"]
[EventCategory "4"]
[SourceTitle "CBM 142 Extra"]
[Source "ChessBase"]
[SourceDate "2011.06.27"]
[SourceVersion "1"]
[SourceVersionDate "2011.06.27"]
[SourceQuality "1"]

1. c4 Nf6 2. Nc3 c5 3. g3 e6 4. Bg2 d5 5. Nf3 d4 6. Na4 Nc6 7. O-O Be7 8. d3 Nd7 9. a3 O-O 10. Rb1 a5 11. e4 e5 12. Ne1 Nb6 13. Nxb6 Qxb6 14. f4 exf4 15. gxf4 f5 16. e5 Nd8 17. Kh1 Bd7 18. Bd5+ Kh8 19. Rg1 a4 20. b4 axb3 21. Rxb3 Ba4 22. Rxb6 Bxd1 23. Rg2 Ra7 24. Nf3 Nc6 25. Rgb2 Nd8 26. Rd2 Ba4 27. Kg2 Nc6 28. Rdb2 Na5 29. Bd2 Bc6 30. Bxa5 Rxa5 31. Bxc6 bxc6 32. Rb7 Bd8 33. Rd7 Ra8 34. Rbb7 Rg8 35. Nd2 Rxa3 36. Nb3 Ra2+ 37. Kg3 Ba5 38. Nxa5 Rxa5 39. e6 h6 40. e7 Raa8 41. Rbc7 Rge8 42. Rxc6 Kg8 43. Rxc5 Ra3 44. Rxf5 Rxd3+ 45. Kg4 Re3 46. Re5 Kf7 47. Rxe3 dxe3 48. Kf3 Ke6 49. Ra7 1-0

[Event "CAN-ch rapid playoff"]
[Site "Guelph CAN"]
[Date "2011.05.11"]
[Round "1"]
[White "Hansen, Eric"]
[Black "Sambuev, Bator"]
[Result "1/2-1/2"]
[WhiteElo "2425"]
[BlackElo "2513"]
[PlyCount "160"]
[GameId "2160767909704503"]
[EventDate "2011.05.11"]
[EventType "match (rapid)"]
[EventRounds "2"]
[EventCountry "CAN"]
[SourceTitle "CBM 142 Extra"]
[Source "ChessBase"]
[SourceDate "2011.06.27"]
[SourceVersion "1"]
[SourceVersionDate "2011.06.27"]
[SourceQuality "1"]

1. d4 Nf6 2. c4 g6 3. Nc3 Bg7 4. h3 O-O 5. e4 d6 6. Nf3 a6 7. Bg5 c5 8. d5 b5 9. cxb5 h6 10. Bd2 e6 11. dxe6 Bxe6 12. bxa6 Nxa6 13. Be2 Nb4 14. a3 Nc6 15. O-O Qb6 16. Rb1 Bb3 17. Qc1 Kh7 18. Be3 Rfe8 19. Nd2 Nd4 20. Bd3 Nd7 21. Nxb3 Nxb3 22. Qd1 Ne5 23. Bb5 Nd4 24. Bxe8 Rxe8 25. b4 Qd8 26. bxc5 dxc5 27. Na4 Qh4 28. f3 Rd8 29. Qe1 Qh5 30. Qf2 Nd3 31. Qa2 c4 32. Qxc4 Ne2+ 33. Kh1 Ng3+ 34. Kh2 Nxf1+ 35. Rxf1 Ne5 36. Qc2 Qh4 37. Nb6 Rd3 38. Qf2 Qxf2 39. Bxf2 Rxa3 40. Bg3 Rb3 41. Nd5 f5 42. exf5 gxf5 43. Ne7 Bf6 44. Nxf5 Kg6 45. Nd6 Rb2 46. Ne4 Bg7 47. f4 Re2 48. Nc3 Ng4+ 49. hxg4 Bxc3 50. Rc1 Bf6 51. Kh3 Ra2 52. Bh4 Bxh4 53. Kxh4 Rxg2 54. Rc6+ Kg7 55. Ra6 Rh2+ 56. Kg3 Rb2 57. f5 Rb1 58. Ra7+ Kf6 59. Rh7 Rg1+ 60. Kf3 Rh1 61. Kg3 Rg1+ 62. Kf3 Rh1 63. Kg2 Rh4 64. Kg3 Rh1 65. Rh8 Kg7 66. Ra8 Rg1+ 67. Kf3 Rf1+ 68. Kg2 Rb1 69. Ra7+ Kf6 70. Rh7 Kg5 71. Rg7+ Kf4 72. f6 Rb8 73. Rg6 Rf8 74. Kh3 Ke5 75. Rxh6 Rxf6 76. Rh8 Ke6 77. Kh4 Kf7 78. Kh5 Ra6 79. Rh7+ Kg8 80. Rb7 Rc6 1/2-1/2